00751nam a2200181Ia 4500999001700000041001200017082001200029100004500041245011700086260006000203300001000263536004600273650006000319650001800379650003000397942001200427952013000439 c27138d27138 aEnglish aRS.0824 aSharma, R KuJawaharlal Nehru University 0aTargeted public distributed system in Himachal Pradesh :bA study of remote and inaccessible Area / cR K Sharma aNew Delhi :bIndian Council of Social Science Research, a213p. aIndian Council of Social Science Research aPhysical distribution of goodszIndiazHimachal Pradesh aPublic Domain aPublic Distributed System 2ddccRP 00102ddc40718IRPaNASSDOCbNASSDOCd2021-12-03eRP Division ICSSRl0oRS.0824p51770r2021-12-03 00:00:00w2021-12-03yRP